| 000 | 00904nam a2200277Ia 4500 | ||
|---|---|---|---|
| 003 | OSt | ||
| 005 | 20220918170126.0 | ||
| 006 | a|||||r|||| 00| 0 | ||
| 007 | ta | ||
| 008 | 220917b |||||||| |||| 00| 0 eng d | ||
| 020 |
_a9004150048 (pbk) _c2645.76 |
||
| 024 | _a240,345 | ||
| 037 |
_b5447, 07/07/2009, Efficient Book Distributors _cTextual |
||
| 040 |
_aARTS _cARTS _beng |
||
| 041 |
_2eng _aeng |
||
| 082 | _aV6, P6(906) | ||
| 100 |
_aKonings Piet Ed. _927204 |
||
| 245 | 0 |
_aCrisis and creativity _b Exploring the wealth of the African neighbourhood |
|
| 260 |
_aLeiden _bBrill The Netherlands _c2006 |
||
| 300 |
_a254p. _ccm. |
||
| 490 | _african dynamics; 5 | ||
| 650 | _aHISTORY | ||
| 700 |
_a Foeken Dick Ed. _927205 |
||
| 942 |
_hV6, P6(906) _cTEXL _2CC |
||
| 999 |
_c132726 _d132726 |
||